| 000 | 00855cam a22002775a 4500 | ||
|---|---|---|---|
| 999 |
_c328537 _d328537 |
||
| 001 | 14918654 | ||
| 003 | Nust | ||
| 005 | 20170411131018.0 | ||
| 008 | 070627s2007 ii 000 1 eng | ||
| 010 | _a 2007389671 | ||
| 020 | _a9780007262519 | ||
| 020 | _a0007262515 | ||
| 025 | _aI-E-2007-389671; 26 | ||
| 037 |
_bLibrary of Congress -- New Delhi Overseas Office _cRs295.00 |
||
| 040 |
_aDLC _cDLC |
||
| 042 | _alcode | ||
| 050 | 0 | 0 |
_aPR6120.E27 _bM67 2007 |
| 082 |
_a823 _bTEA |
||
| 100 | 1 | _aTearne, Roma. | |
| 245 | 1 | 0 |
_aMosquito / _cRoma Tearne. |
| 260 |
_aNew Delhi ; _aNew York, NY : _bHarper Collins Publishers India, _c2007. |
||
| 300 |
_a296 p. ; _c21 cm. |
||
| 500 | _aNovel. | ||
| 906 |
_a7 _bibc _corigode _d3 _encip _f20 _gy-gencatlg |
||
| 942 |
_2ddc _cBK |
||